| 000 | 01238cam a2200337 a 4500 | ||
|---|---|---|---|
| 001 | 16808094 | ||
| 003 | CEME | ||
| 005 | 20210628201604.0 | ||
| 008 | 110603s2012 nyuab b 001 0 eng | ||
| 010 | _a 2011023538 | ||
| 040 |
_aDLC _cDLC _dDLC |
||
| 042 | _apcc | ||
| 043 | _ad------ | ||
| 050 | 0 | 0 |
_aHB74.P65 _bA28 2012 |
| 082 | 0 | 0 |
_a330 _223 |
| 100 | 1 |
_aAcemoglu, Daron, Robinson, James A _955953 |
|
| 245 | 1 | 0 |
_aWhy nations fail, the origins of power, prosperity and poverty _bthe origins of power, prosperity and poverty / _cDaron Acemoglu and James A. Robinson. |
| 250 | _a1st ed. | ||
| 260 |
_aLAHORE _bSERVICES BOOK CLUB _cc2012. |
||
| 300 |
_a529 p. : _bill., map ; _c25 cm. |
||
| 504 | _aIncludes bibliographical references (p. [465]-509) and index. | ||
| 650 | 0 |
_aEconomics _xPolitical aspects. _97334 |
|
| 650 | 0 |
_aEconomic history _xPolitical aspects. _97335 |
|
| 650 | 0 |
_aPoverty _zDeveloping countries. _97336 |
|
| 650 | 0 |
_aEconomic development _zDeveloping countries. _97337 |
|
| 650 | 0 |
_aRevolutions _xEconomic aspects. _97338 |
|
| 651 | 0 |
_aDeveloping countries _xEconomic policy. _97332 |
|
| 651 | 0 |
_aDeveloping countries _xSocial policy. _97339 |
|
| 700 | 1 |
_aRobinson, James A., _d1960- _97340 |
|
| 942 |
_2ddc _cBK |
||
| 999 |
_c566542 _d566542 |
||